000 00799nam a2200229Ii 4500
003 JO-AjNU
008 230605s9999||||xx |||||||||||||| ||und||
017 _a1427/792
020 _a9960-14-141-1
040 _aJO-AjNU
_bara
_erda
_cJO-AjNU
041 _aara
050 1 4 _aK884.A9364.2006
100 3 _a أوهاب ، نذير بن محمد الطيب ,
_eauthor
_927711
245 0 0 _aنظرية العقود الإدارية " دراسة مقارنة فى الفقة الإسلامى والقانون "
250 _a(د،ط)
264 3 1 _aالرياض : معهد الادارة العامة ، 2006
300 _a271ص
336 _atext
_btxt
_2rdacontent
337 _aunmediated
_bn
_2rdamedia
338 _avolume
_bnc
_2rdacarrier
650 4 _aالعقود الإدارية
_927712
999 _aA10662
_c14230
_d14230